00894cam a22002651 4500001001300000003000400013005001700017008004100034010001700075035001800092040001900110042001200129050002300141100003300164245004100197260006700238300006900305410004600374500004600420500002900466504003000495650003300525650005300558999001700611gs 64000040 DLC20260227111413.0720321s1962 xx 000 0 eng  ags 64000040  a(OCoLC)268250 aDLCcOAkUdDLC apremarc00aQE185b.A2 no. 3151 aWilson, Morley Evans,d1882-10aRouyn-Beauchastel map-areas, Quebec. a[Ottawa]bDept. of Mines and Technical Surveys, Canadac[1962] a140 p.billus., maps (8 fold. col.) diagrs. (part fold., 1 col.)20aGeological Survey of Canada.tMemoirv315 aText and illustrative matter in slipcase. aAbstract also in French. aBibliography: p. 113-118. 0aGeologyzQuébec (Province) 0aMines and mineral resourceszQuébec (Province) c29778d29778